| Tag |
First Indicator |
Second Indicator |
Subfields |
| LEADER |
00000cam a22000001i 4500 |
| 001 |
in00004434813 |
| 005 |
20210728140825.0 |
| 006 |
m |o d | |
| 007 |
cr |n||||||||| |
| 008 |
210226s2020 enkab ob 101 0 eng d |
| 020 |
|
|
|a 9781789697537 (electronic bk.)
|
| 020 |
|
|
|a 1789697530 (electronic bk.)
|
| 020 |
|
|
|z 9781789697520
|
| 020 |
|
|
|z 1789697522
|
| 035 |
|
|
|a (NhCcYBP)jstor22573/CTV1BHT2K3
|
| 040 |
|
|
|a NhCcYBP
|c NhCcYBP
|d UtOrBLW
|
| 043 |
|
|
|a aw-----
|a f-ua---
|
| 050 |
|
4 |
|a DS44.98
|b .P56 2020
|
| 082 |
0 |
4 |
|a 915.604
|2 23
|
| 245 |
0 |
0 |
|a Pious pilgrims, discerning travellers, curious tourists :
|b Changing patterns of travel to the Middle East from Medieval to modern times /
|c edited by Paul and Janet Starkey.
|
| 264 |
|
1 |
|a Oxford :
|b Astene and Archaeopress Publishing,
|c 2020.
|
| 300 |
|
|
|a 1 online resource.
|
| 336 |
|
|
|a text
|b txt
|2 rdacontent
|
| 337 |
|
|
|a computer
|b c
|2 rdamedia
|
| 338 |
|
|
|a online resource
|b cr
|2 rdacarrier
|
| 490 |
1 |
|
|a Publications of the Association for the Study of Travel in Egypt and the Near East
|
| 500 |
|
|
|a Description based on print version record.
|
| 504 |
|
|
|a Includes bibliographical references and index.
|
| 588 |
|
|
|a Description based on print version record.
|
| 500 |
|
|
|a Electronic resource.
|
| 650 |
|
0 |
|a Travelers
|z Middle East
|v Congresses.
|
| 650 |
|
0 |
|a Travelers
|z Egypt
|v Congresses.
|
| 651 |
|
0 |
|a Middle East
|x Description and travel
|v Congresses.
|
| 651 |
|
0 |
|a Egypt
|x Description and travel
|v Congresses.
|
| 655 |
|
7 |
|a Electronic books.
|2 local
|
| 700 |
1 |
|
|a Starkey, Paul,
|e editor.
|0 http://id.loc.gov/authorities/names/n84006103
|
| 700 |
1 |
|
|a Starkey, Janet,
|e editor.
|
| 776 |
1 |
8 |
|c Original
|z 9781789697520
|z 1789697522
|
| 830 |
|
0 |
|a Publications of the Association for the Study of Travel in Egypt and the Near East.
|
| 856 |
4 |
0 |
|u http://proxy.library.tamu.edu/login?url=https://www.jstor.org/stable/10.2307/j.ctv1bjc3h4
|z Connect to the full text of this electronic book
|t 0
|
| 955 |
|
|
|a JSTOR DDA record
|
| 999 |
f |
f |
|s 9e7f3014-73cb-31cc-a72b-8f0fa982671d
|i 0346afd8-830a-3e4f-93ad-3ea4502dfc7a
|t 0
|
| 952 |
f |
f |
|a Texas A&M University
|b College Station
|c Electronic Resources
|d Available Online
|t 0
|e DS44.98 .P56 2020
|h Library of Congress classification
|
| 998 |
f |
f |
|a DS44.98 .P56 2020
|t 0
|l Available Online
|